Akhir chattan tak / (Record no. 11887)
[ view plain ]
| 000 -LEADER | |
|---|---|
| fixed length control field | 00334cam a2200133ua 4500 |
| 041 ## - LANGUAGE CODE | |
| Language code of text/sound track or separate title | hin |
| 082 ## - DEWEY DECIMAL CLASSIFICATION NUMBER | |
| Classification number | 891.54 |
| Item number | MOH/AK |
| 100 ## - MAIN ENTRY--AUTHOR NAME | |
| Personal name | Mohan Rakesh, . |
| 245 ## - TITLE STATEMENT | |
| Title | Akhir chattan tak / |
| 260 ## - PUBLICATION, DISTRIBUTION, ETC. (IMPRINT) | |
| Place of publication | : |
| Name of publisher | Rajkamal Prakashan , |
| Year of publication | 1961. |
| 300 ## - PHYSICAL DESCRIPTION | |
| Number of Pages | 133 ; |
| Accompanying material | `. |
No items available.
